| 000 | 01295nac a22003611i 4500 | ||
|---|---|---|---|
| 003 | EG-ScBUE | ||
| 005 | 20240924112647.0 | ||
| 008 | 240924s1991 maua f b 001 0 eng d | ||
| 020 | _a0316281298 | ||
| 020 | _a9780316281294 | ||
| 040 |
_aEG-ScBUE _beng _erda _cEG-ScBUE _dEG-ScBUE |
||
| 082 | 0 | 4 |
_a500.2 _bWOR _222 |
| 245 | 0 | 4 |
_aThe world treasury of physics, astronomy, and mathematics / _cedited by Timothy Ferris ; with a foreword by Clifton Fadiman, general editor. |
| 250 | _aFirst edition. | ||
| 264 | 1 |
_aBoston : _bLittle, Brown and Company, _c1991. |
|
| 300 |
_axv, 859 pages : _billustrations ; _c24 cm |
||
| 336 |
_2rdacontent _atext _btxt |
||
| 337 |
_aunmediated _2rdamedia _bn |
||
| 338 |
_avolume _bnc _2rdacarrier |
||
| 504 | _aIncludes bibliographical references and index. | ||
| 650 | 7 |
_aPhysics. _2BUEsh |
|
| 650 | 7 |
_aAstronomy. _2BUEsh |
|
| 650 | 7 |
_aMathematics. _2BUEsh |
|
| 650 | 7 |
_aScience _xPhilosophy. _2BUEsh |
|
| 650 | 7 |
_aPhysicists _xBiography. _2BUEsh |
|
| 650 | 7 |
_aAstronomers _xBiography. _2BUEsh |
|
| 650 | 7 |
_aMathematicians _xBiography. _2BUEsh |
|
| 655 | _vReading book | ||
| 700 | 1 |
_aFerris, Timothy, _eeditor. |
|
| 700 | 1 |
_aFadiman, Clifton, _d1904-1999, _eauthor of introduction, etc. |
|
| 740 | 0 | _aPhysics, astronomy, and mathematics. | |
| 942 |
_cBB _2ddc |
||
| 999 |
_c3876 _d3876 |
||